000 01101nam a2200325 a 4500
001 000022225
003 DO-SdBPM
005 20250703085209.0
007 ta
008 100920s1995 dr ac 001 0 spa d
040 _aDO-SdBPM
_bspa
_cBPMSU
_erda
082 4 _a910.45
_bR252p 1995
_222
100 1 _aTavares K., Juan Tomás
_dautor
_q
245 1 4 _aLos piratas de América /
_cJuan Tomás Tavares K
250 _a3a. ed.
260 _b
_b
_c
264 _aSanto Domingo :
_bTobogán,
_c1995
300 _a108 páginas :
_bilustraciones , retrato ;
_c22 cm.
336 _atexto
_btxt
_2rdacontent
337 _asin mediación
_bnc
_2rdamedia
338 _avolumen
_bnc
_2rdacarrier
490 0 _a Biblioteca juvenil Tobogan,
_v2
500 _aIncluye referencias bibliográficas y notas al pie de las páginas.
520 _a
590 _aInventariado, 2025/VM
650 7 _aPiratas
_xHistoria
_zRepública Dominicana
651 7 _aRepública Dominicana
_xHistoria
_yGobierno colonial español, Siglos XVI-XVII.
910 _aVMateo V. Control de calidad. BPMSU
942 _2ddc
_cBK
999 _c7679
_d7679